Negocios sustentables (Registro nro. 3738)

Detalles MARC
000 -LEADER
fixed length control field 01121 a2200241 4500
001 - CONTROL NUMBER
control field 43873
005 - DATE AND TIME OF LATEST TRANSACTION
control field 20260407155719.0
008 - FIXED-LENGTH DATA ELEMENTS--GENERAL INFORMATION
fixed length control field 260407a2014 arg spa d
003 - CONTROL NUMBER IDENTIFIER
control field AR-UNSa-BCEJYS
040 ## - CATALOGING SOURCE
Original cataloging agency AR-UNSa-BCEJYS
Language of cataloging spa
Transcribing agency AR-UNSa-BCEJYS
080 ## - UNIVERSAL DECIMAL CLASSIFICATION NUMBER
Universal Decimal Classification number 658.11:504
Common auxiliary subdivision Empresas sustentables
020 ## - INTERNATIONAL STANDARD BOOK NUMBER
International Standard Book Number 978-607-17-1744-3
041 ## - LANGUAGE CODE
Language code of text/sound track or separate title spa
100 1# - MAIN ENTRY--PERSONAL NAME
Personal name Esquivel, Alicia
245 10 - TITLE STATEMENT
Title Negocios sustentables
264 #1 - PRODUCTION, PUBLICATION, DISTRIBUTION, MANUFACTURE, AND COPYRIGHT NOTICE
Place of production, publication, distribution, manufacture México :
Name of producer, publisher, distributor, manufacturer Trillas
Date of production, publication, distribution, manufacture, or copyright notice 2014
300 ## - PHYSICAL DESCRIPTION
Extent 175 p.
Dimensions 23 cm.
505 ## - FORMATTED CONTENTS NOTE
Formatted contents note 1. Resumen ejecutivo - 2. ¿Qué es un negocio sustentable? - 3. ¿Por qué hacerlo? - 4. ¿Quién lo está haciendo? ¿Quién lo ha hecho? - 5. Cómo hacerlo: guía de estrategia - 6. Cómo hacerlo: un estudio detallado - 7. Cómo justificarlo: elaboración de un portafolio de negocios - 8. Cómo gestionarla - 9. Cómo medirla - 10. Cómo hablar acerca de ella - 11. Intervención de los ejecutivos - 12. Otras fuentes
590 ## - LOCAL NOTE (RLIN)
Local note niveau_biblio:m niveau_hierar:0
700 1# - ADDED ENTRY--PERSONAL NAME
Personal name Clegg, Brian
856 41 - ELECTRONIC LOCATION AND ACCESS
Uniform Resource Identifier <a href="https://biblioeco.unsa.edu.ar/pmb/images/libros/L126797.jpg">https://biblioeco.unsa.edu.ar/pmb/images/libros/L126797.jpg</a>
Link text Imagen de portada
Electronic format type image/jpeg
942 ## - ADDED ENTRY ELEMENTS (KOHA)
Koha item type
Existencias
Withdrawn status Lost status Damaged status Not for loan Home library Current library Shelving location Date acquired Total checkouts Full call number Barcode Date last seen Price effective from Koha item type
        Biblioteca Prof. Eusebio Cleto del Rey Biblioteca Prof. Eusebio Cleto del Rey   07/04/2026   658.11:504 C623 L126797 07/04/2026 07/04/2026 Libro
        Biblioteca Prof. Eusebio Cleto del Rey Biblioteca Prof. Eusebio Cleto del Rey   07/04/2026   658.11:504 C623 L126798 07/04/2026 07/04/2026 Libro